Spongebob Finish The Name - Statistics

General Stats
  • This quiz has been taken 143 times
  • The average score is 11 of 15
Answer Stats
Hint Answer % Correct
Spongebob Squarepants
99%
Patrick Star
98%
Sandy Cheeks
94%
Eugene Krabs
88%
Larry The Lobster
88%
Planktons Wife Karen
85%
Sheldon Plankton
83%
The Flying Dutchman
78%
Whale Pearl
70%
King Neptune
69%
Pirate Patchy
66%
Squilliam Fancyson
58%
My Leg Fred
56%
Parrot Potty
51%
Squidward Tenticles
31%
No matching quizzes found
Score Distribution
Percent of People with Each Score
Percentile by Number Answered
Your Score History
You have not taken this quiz